| 000 | 01205nam a2200229 a 4500 | ||
|---|---|---|---|
| 003 | BD-RjUL | ||
| 005 | 20230121161935.0 | ||
| 008 | 920225s1959 ne 000 0 ara d | ||
| 035 | _a(BD-RjUL) | ||
| 040 |
_aBAR _beng _cBD-RjUL |
||
| 041 | _aara | ||
| 082 |
_223 _a181.07 _bIBK 1959 |
||
| 100 | 1 |
_aابن رشد، محمد بن احمد،Ibn Rushd, Muhammad bin Ahmed, _d1126-1198. _96662 |
|
| 245 | 1 | 5 |
_aFront cover image for كتاب فصل المقال وتقرير ما بين الشريعة والحكمة من الاتصال كتاب فصل المقال وتقرير ما بين الشريعة والحكمة من الاتصال / Kitāb faṣl al-maqāl wa-taqrīr mā bayna al-sharīʻah wa-al-ḥikmah min al-ittiṣāl / _cلابي الوليد محمد بن احمد بن رشد؛ تحقيق جورج فضلو الحوراني.labi alwalid muhamad bin ahmad bin rushda; tahqiq jurj fadlu alhurani. |
| 260 |
_aليدن : _bبريل، _c1959. |
||
| 300 |
_a56+ 19 ص ; _c25 س. |
||
| 500 | _aمع ص.ع. ومقدمة بالانكليزية | ||
| 650 | 4 |
_aIslam and philosophy _94662 |
|
| 650 | 4 | _aIslamic philosophy | |
| 700 | 1 |
_aالحوراني، جورج فضلو _96663 |
|
| 942 |
_2ddc _cBK |
||
| 999 |
_c81109 _d81109 |
||